000 00484nam a2200193 4500
020 _a9788197116360
082 _aM803
_bBRI/R
100 _aBrinda Karat
245 _aReethayude padangal/
_cby Brinda Karat
250 _a2
260 _aThiruvananthapuram:
_bChintha,
_c2025.
300 _a232p.
650 _aMemoirs Brinda Karat
650 _aMemoirs Malayalam
650 _aLiterature Malayalam
650 _aLiterature
700 _aParvathi Devi R (tr.)
942 _cBK
999 _c181585
_d181585